HADİ MASAL ANLATALIM (Record no. 948843)

MARC details
000 -LEADER
sabit uzunluktaki kontrol alanı 00250nam a2200097Ia 4500
001 - KONTROL NUMARASI
kontrol alanı 948843
005 - EN SON İŞLEMİN TARİH VE ZAMANI
kontrol alanı 20250826215527.0
008 - SABİT-UZUNLUKTA VERİ ÖĞELERİ--GENEL BİLGİ
sabit uzunluktaki kontrol alanı 250824s9999 xx 000 0 und d
245 #0 - ESER / YAZAR
ESER ADI HADİ MASAL ANLATALIM
Yazar Adı AYŞEGÜL DEDE
260 ## - YAYIN, DAĞITIM, VB.
YAYIN EVİ TAZE KİTAP YAYINLARI
Holdings
Düşüm durumu Kayıp durumu Hasar Durumu Ödünç verilmez Ana kütüphane Geçerli Kütüphane Edinilen tarih Toplam ödünç verme sayısı Barkod Son görüntüleme tarihi Son ödünç verme tarihi Fiyatın geçerli olmaya başladığı tarih Koha materyal türü
        KAZIM ÖZENÇ SEÇEN ORTAOKULU KAZIM ÖZENÇ SEÇEN ORTAOKULU 24.08.2025 1 10482082 03.02.2026 09.12.2025 26.08.2025 Books